| 000 | 00914nam a2200229 a 4500 | ||
|---|---|---|---|
| 005 | 20140310183625.0 | ||
| 008 | 130408s19uu xx 00 eng d | ||
| 020 | _a9789712725029 | ||
| 050 |
_aHD 7287.96.P5 _b.Al349 2011 |
||
| 100 | _aAlcazaren, Paulo. | ||
| 245 |
_aLungsod iskwater : _bthe evolution of informality as a dominant pattern in Philippine cities / _ctexts by Paulo Alcazaren, Luis Ferrer, Benvenuto Icamina ; photographs by Neal Oshima. |
||
| 260 |
_aPasig City, Philippines : _bAnvil Pub, _c2010. |
||
| 300 |
_a252 p. : _bill. col. ; _c30 cm. |
||
| 650 |
_aSlums _xPictorial works _xPhilippines _xMetro Manila |
||
| 650 |
_aSquatter settlements _xPictorial works _xPhilippines _xMetro Manila |
||
| 650 |
_aSquatters _xSocial conditions _xPhilippines _xMetro Manila |
||
| 700 | _aFerrer, Luis | ||
| 700 | _aIcamina, Benvenuto | ||
| 700 | _aOshima, Neal | ||
| 942 |
_cBK _2lcc _kLOC |
||
| 999 |
_c25502 _d25502 |
||